Science Philippines: (Record no. 8064)

MARC details
000 -LEADER
fixed length control field 00682nam a22002177i 4500
003 - CONTROL NUMBER IDENTIFIER
control field URS
005 - DATE AND TIME OF LATEST TRANSACTION
control field 20220114153036.0
008 - FIXED-LENGTH DATA ELEMENTS--GENERAL INFORMATION
fixed length control field 160530b xxu||||| |||| 00| 0 eng d
020 ## - INTERNATIONAL STANDARD BOOK NUMBER
International Standard Book Number 9789715426916
040 ## - CATALOGING SOURCE
Description conventions rda
Transcribing agency URSP-College Library
Language of cataloging eng
050 ## - LIBRARY OF CONGRESS CALL NUMBER
Item number 500 C74s 2012
100 1# - MAIN ENTRY--PERSONAL NAME
Personal name Concepcion, Gisela Padilla
245 ## - TITLE STATEMENT
Title Science Philippines:
Remainder of title Essays on Science by Filipinos,vol.1
Statement of responsibility, etc. Concepcion, Gisela Padilla
264 #1 - PRODUCTION, PUBLICATION, DISTRIBUTION, MANUFACTURE, AND COPYRIGHT NOTICE
Place of production, publication, distribution, manufacture Quezon City
Name of producer, publisher, distributor, manufacturer The University of the Philippines Press
Date of production, publication, distribution, manufacture, or copyright notice 2012.
300 ## - PHYSICAL DESCRIPTION
Extent viii, 219pages
Dimensions 25cm
336 ## - CONTENT TYPE
Content type term text
Content type code txt
Source rdacontent
337 ## - MEDIA TYPE
Media type term unmediated
Media type code n
Source rdamedia
338 ## - CARRIER TYPE
Carrier type term volume
Carrier type code nc
Source rdacarrier
650 #0 - SUBJECT ADDED ENTRY--TOPICAL TERM
Topical term or geographic name entry element Science.
942 ## - ADDED ENTRY ELEMENTS (KOHA)
Source of classification or shelving scheme Library of Congress Classification
Koha item type Filipiniana
Holdings
Withdrawn status Source of classification or shelving scheme Damaged status Not for loan Collection code Home library Current library Shelving location Date acquired Total Checkouts Full call number Barcode Date last seen Copy number Price effective from Koha item type
  Library of Congress Classification     Non-fiction Pililla College Library Pililla College Library General Stacks 05/30/2016   500 C74s 2012 URSPIL-4502 05/30/2016 3 05/30/2016 Filipiniana
  Library of Congress Classification     Non-fiction Pililla College Library Pililla College Library General Stacks 05/30/2016   500 C74s 2012 URSPIL-4501 05/30/2016 2 05/30/2016 Filipiniana
  Library of Congress Classification     Non-fiction Pililla College Library Pililla College Library General Stacks 05/30/2016   500 C74s 2012 URSPIL-4500 05/30/2016 1 05/30/2016 Filipiniana

University of Rizal System
Email us at univlibservices@urs.edu.ph

Visit our Website www.urs.edu.ph/library